[Event "Quebec op"]
[Site "Quebec"]
[Date "1971.10.10"]
[Round "4"]
[White "Brodie, Hugh"]
[Black "Abdin, Mahmoud"]
[Result "1/2-1/2"]
[WhiteElo "1750"]
[BlackElo "1500"]
[PlyCount "88"]
[EventDate "1971.10.09"]
[EventType "swiss"]
[EventRounds "6"]
[EventCountry "CAN"]
[SourceTitle "EXT 2022"]
[Source "ChessBase"]
[SourceDate "2021.10.06"]
[SourceVersion "1"]
[SourceVersionDate "2021.10.06"]
[SourceQuality "1"]

1. e4 e5 2. Nc3 Nc6 3. Bc4 Nf6 4. d3 Bb4 5. f4 d6 6. Nf3 h6 7. 0-0 Bc5+ 8. Kh1 Ng4 9. Qe2 Nd4 10. Nxd4 Bxd4 11. Qf3 Qh4 12. Qg3 Qxg3 13. hxg3 Nf2+ 14. Kh2 Ng4+ 15. Kh1 Nf2+ 16. Kh2 Bg4 17. Nb5 Be2 18. Rxf2 Bxf2 19. Nxc7+ Ke7 20. Nxa8 Rxa8 21. Bd2 exf4 22. gxf4 g5 23. f5 g4 24. g3 h5 25. Kg2 Bb6 26. Bd5 f6 27. Bxb7 Rh8 28. Re1 Bf3+ 29. Kh2 h4 30. Be3 Ba5 31. c3 d5 32. exd5 hxg3+ 33. Kxg3 Rh3+ 34. Kf2 Rh2+ 35. Kf1 Kd8 36. Bf4 Rxb2 37. Bc6 Kc8 38. Re8+ Bd8 39. Bd6 Rxa2 40. Be7 g3 41. Rxd8+ Kc7 42. Rd7+ Kc8 43. Rd8+ Kc7 44. Rd7+ Kc8 1/2-1/2